প্রবাদ বচন / (Record no. 56431)
[ view plain ]
| 000 -LEADER | |
|---|---|
| fixed length control field | 01038nam a2200229 a 4500 |
| 001 - CONTROL NUMBER | |
| control field | 56431 |
| 003 - CONTROL NUMBER IDENTIFIER | |
| rucl marc code | BD-RjUL |
| 005 - DATE AND TIME OF LATEST TRANSACTION | |
| control field | 20211209080408.0 |
| 008 - FIXED-LENGTH DATA ELEMENTS--GENERAL INFORMATION | |
| fixed length control field | 190213s1960 ii ||||| |||| 00| 0 ben d |
| 035 ## - SYSTEM CONTROL NUMBER | |
| System control number | (BD-RjUL)56555 |
| 040 ## - CATALOGING SOURCE | |
| Original cataloging agency | BD-RjUL |
| Language of cataloging | ben |
| Transcribing agency | BD-RjUL |
| Modifying agency | BD-RjUL |
| 041 ## - LANGUAGE CODE | |
| Language code of text/sound track or separate title | ben |
| 082 ## - DEWEY DECIMAL CLASSIFICATION NUMBER | |
| Edition number | 23 |
| Classification number | 398.99144 |
| Author mark and year | CHP 1960 |
| 245 00 - TITLE STATEMENT | |
| Title | প্রবাদ বচন / |
| Statement of responsibility, etc. | গোপালদাস চৌধুরী কতৃক সংগৃহীত ; প্রিয়রঞ্জন সেন কতৃক সম্পাদিত |
| 260 ## - PUBLICATION, DISTRIBUTION, ETC. (IMPRINT) | |
| Place of publication, distribution, etc. | কলিকাতা : |
| Name of publisher, distributor, etc. | বুক ল্যান্ড, |
| Date of publication, distribution, etc. | ১৯৬০ [জ্যৈষ্ঠ ১৩৬৭] |
| 300 ## - PHYSICAL DESCRIPTION | |
| Pagination | [৬], ৩৩৯ পৃ. ; |
| Size | ১৭ সেমি. |
| 650 ## - SUBJECT ADDED ENTRY--TOPICAL TERM | |
| Topical term or geographic name as entry element | বাংলা প্রবাদ |
| 9 (RLIN) | 228174 |
| Topical term or geographic name as entry element | Bengali Proverb |
| 9 (RLIN) | 228175 |
| 700 ## - ADDED ENTRY--PERSONAL NAME | |
| Personal name | চৌধুরী, গোপালদাস, সংগ্রাহক |
| Personal name | সেন, প্রিয়রঞ্জন, সম্পাদক |
| 942 ## - ADDED ENTRY ELEMENTS (KOHA) | |
| Source of classification or shelving scheme | Dewey Decimal Classification |
| Koha item type | Rare Books |
| Lost status | Source of classification or shelving scheme | Damaged status | Not for loan | Collection code | Permanent Location | Current Location | Shelving location | Date acquired | Source of acquisition | Cost, normal purchase price | Total Checkouts | Full call number | Date last seen | Copy number | Koha item type |
|---|---|---|---|---|---|---|---|---|---|---|---|---|---|---|---|
| Dewey Decimal Classification | Not For Loan | Rare Books | Central Library, University of Rajshahi | Central Library, University of Rajshahi | Reading Room | 18/02/1967 | Nowrose Kitabistan | 7050.00 | BRA 398.99144 CHP 1960 | 13/02/2019 | C-1 | Rare Books |